[Event "1.Bundesliga Frauen 2019/20"]
[Site "St.Veit/Glan, Blumenhalle"]
[Date "2020.01.12"]
[Round "6"]
[Board "2"]
[White "Katter, Katharina"]
[Black "Vujnovic, Patricija"]
[Result "1/2-1/2"]
[WhiteElo "1930"]
[BlackElo "2103"]
[PlyCount "168"]
[EventDate "2019.10.11"]
[EventType "team"]
[EventRounds "9"]
[EventCountry "AUT"]
[WhiteTeam "SK DolomitenBank Lienz"]
[BlackTeam "ASVOE Wulkaprodersdorf"]

1. d4 d5 2. Nf3 Nf6 3. c4 e6 4. e3 Be7 5. b3 c5 6. Nc3 cxd4 7. exd4 Bb4 8. Bd2
Nc6 9. a3 Be7 10. Bf4 O-O 11. Be2 b6 12. O-O Bb7 13. Ne5 dxc4 14. Nxc6 Bxc6 15.
bxc4 Rc8 16. Qd3 Bb7 17. Rfd1 Ba6 18. Nb5 Bxb5 19. cxb5 Nd5 20. Be5 Rc3 21. Qe4
f5 22. Qb1 Bxa3 23. Bf3 Qd7 24. Bxd5 exd5 25. Bf4 Be7 26. Qa2 Ra3 27. Qb2 Rxa1
28. Rxa1 Bf6 29. Qb4 g5 30. Bd2 Rc8 31. Rc1 Rxc1+ 32. Bxc1 Qe7 33. Qxe7 Bxe7
34. Kf1 Kf7 35. Ke2 Ke6 36. Kd3 h5 37. f4 g4 38. g3 Kd7 39. Kc3 Kc7 40. Kb3 Bf6
41. Be3 Kb7 42. Bf2 a6 43. Be3 axb5 44. Bf2 Ka6 45. Be3 Be7 46. Bd2 h4 47. Be1
Bd6 48. Bd2 Be7 49. Be1 Bf6 50. Bf2 h3 51. Be3 Bg7 52. Bf2 Bf8 53. Be1 Bd6 54.
Bd2 Bc7 55. Be1 b4 56. Bd2 Ka5 57. Be1 Kb5 58. Bd2 Kc6 59. Be1 Bd8 60. Bd2 Bh4
61. Be1 Bf6 62. Bf2 Bg7 63. Be3 Bf8 64. Bd2 Bc5 65. Be3 Kb5 66. Bf2 Bd6 67. Be3
Kc6 68. Bd2 Kd7 69. Be3 Bc7 70. Bd2 b5 71. Be3 Ke6 72. Bd2 Bb8 73. Be3 Ba7 74.
Bf2 Bb6 75. Be3 Bc7 76. Bd2 Kf6 77. Be3 Kf7 78. Bd2 Bd8 79. Be3 Kg6 80. Bd2 Kf7
81. Be3 Bf6 82. Bf2 Bd8 83. Be3 Bh4 84. Bf2 Bd8  1/2-1/2

[Event "1.Bundesliga Frauen 2019/20"]
[Site "St.Veit/Glan, Blumenhalle"]
[Date "2020.01.12"]
[Round "6"]
[Board "3"]
[White "Rampler, Evelyn"]
[Black "Mattersberger, Melanie"]
[Result "0-1"]
[WhiteElo "1806"]
[BlackElo "1752"]
[PlyCount "103"]
[EventDate "2019.10.11"]
[EventType "team"]
[EventRounds "9"]
[EventCountry "AUT"]
[WhiteTeam "ASVOE Wulkaprodersdorf"]
[BlackTeam "SK DolomitenBank Lienz"]

1. e4 e5 2. Bc4 Nf6 3. Nc3 Nc6 4. Nf3 Nxe4 5. Bxf7+ Kxf7 6. Nxe4 d5 7. Neg5+
Kg8 8. d3 h6 9. Nh3 Be7 10. Qe2 Bg4 11. Nhg1 Kh7 12. h3 Bf5 13. Bd2 e4 14. dxe4
dxe4 15. Nh2 Nd4 16. Qd1 e3 17. Rc1 exd2+ 18. Qxd2 Bg5 19. f4 Bxf4 20. Qxf4
Re8+ 21. Kf1 Bd3+ 22. cxd3 Rf8 23. Qxf8 Qxf8+ 24. Ngf3 Qf4 25. Re1 Nc2 26. Re7
Rf8 27. Kf2 Qd4+ 28. Ke2 Qxb2 29. Rd1 Nd4+ 30. Kf1 Nf5 31. Rd2 Qc1+ 32. Re1
Ng3+ 33. Kg1 Qc5+ 34. d4 Qc3 35. Rdd1 Qc4 36. Rd2 Qb4 37. Rdd1 Qa5 38. Ra1 c5
39. d5 c4 40. Ng4 Qxd5 41. Re5 Qd3 42. Rae1 Nf5 43. Rc5 Nd4 44. Nfe5 Ne2+ 45.
Kh1 Qd2 46. Nf3 Rxf3 47. Rb1 Nf4 48. Rg1 Rg3 49. Rxc4 Rxg2 50. Ra4 Rxg1+ 51.
Kxg1 Qd1+ 52. Kf2  0-1

[Event "1.Bundesliga Frauen 2019/20"]
[Site "St.Veit/Glan, Blumenhalle"]
[Date "2020.01.12"]
[Round "6"]
[Board "4"]
[White "Katter, Marlene"]
[Black "Moerwald, Miriam"]
[Result "0-1"]
[WhiteElo "1609"]
[BlackElo "1738"]
[PlyCount "124"]
[EventDate "2019.10.11"]
[EventType "team"]
[EventRounds "9"]
[EventCountry "AUT"]
[WhiteTeam "SK DolomitenBank Lienz"]
[BlackTeam "ASVOE Wulkaprodersdorf"]

1. d4 d5 2. Bf4 Nf6 3. e3 c5 4. c3 Nc6 5. Nd2 Bf5 6. Ngf3 e6 7. Be2 Qb6 8. Qb3
c4 9. Qxb6 axb6 10. a3 h6 11. h3 Be7 12. Bc7 b5 13. O-O O-O 14. Rfd1 Ra6 15.
Rac1 Rc8 16. Bh2 Nd7 17. Re1 Na5 18. Bd1 Bd6 19. Bxd6 Rxd6 20. Bc2 Bxc2 21.
Rxc2 Re8 22. e4 dxe4 23. Nxe4 Ra6 24. Rce2 e5 25. Ng3 Nc6 26. dxe5 Nc5 27. Kf1
Nd3 28. Rd1 Ncxe5 29. Nxe5 Rxe5 30. Rxe5 Nxe5 31. Rd5 Re6 32. Rxb5 Nd3 33. Ne2
b6 34. b4 cxb3 35. Rxb3 Rxe2 36. Kxe2 Nc1+ 37. Ke3 Nxb3 38. Kd3 Nc5+ 39. Kc4
Kf8 40. Kb5 Nd7 41. c4 Ke7 42. Kc6 Ke6 43. f4 g6 44. g4 h5 45. f5+ gxf5 46.
gxf5+ Ke7 47. a4 Ne5+ 48. Kxb6 Nxc4+ 49. Kb5 Nd6+ 50. Kb6 Nxf5 51. a5 Nd6 52.
Kc7 f5 53. a6 f4 54. Kc6 Nc8 55. Kc7 Na7 56. Kb6 f3 57. Kxa7 f2 58. Kb7 f1=Q
59. a7 Qxh3 60. Kb8 Qg3+ 61. Ka8 Qg8+ 62. Kb7 h4  0-1

[Event "1.Bundesliga Frauen 2019/20"]
[Site "St.Veit/Glan, Blumenhalle"]
[Date "2020.01.12"]
[Round "6"]
[Board "1"]
[White "Novkovic, Julia"]
[Black "Rozman, Monika"]
[Result "0-1"]
[WhiteElo "2170"]
[BlackElo "2136"]
[PlyCount "72"]
[EventDate "2019.10.11"]
[EventType "team"]
[EventRounds "9"]
[EventCountry "AUT"]
[WhiteTeam "SK Dornbirn"]
[BlackTeam "SV Kaerntner Stub'n Rapid Feffernitz"]

1. e4 e6 2. d4 d5 3. Nd2 c5 4. exd5 Qxd5 5. dxc5 Bxc5 6. Ngf3 Nf6 7. Bc4 Qd8 8.
Qe2 Nc6 9. Nb3 Be7 10. Bd2 a6 11. a4 b6 12. Bf4 O-O 13. Rd1 Qe8 14. O-O Bb7 15.
Bc7 Bd8 16. Bd6 Be7 17. Ng5 Nd8 18. Bxe7 Qxe7 19. Nf3 Qb4 20. Rd4 Qxa4 21. Rfd1
Qe8 22. Rh4 Nc6 23. Ng5 h6 24. f4 b5 25. Bd3 Nb4 26. c3 Nxd3 27. Rxd3 Qc6 28.
Rdh3 Rfd8 29. Nd4 Rxd4 30. cxd4 Qc1+ 31. Kf2 Rc8 32. Rc3 Rxc3 33. bxc3 hxg5 34.
fxg5 Qxg5 35. g3 Qd5 36. Qe3 g5  0-1

[Event "1.Bundesliga Frauen 2019/20"]
[Site "St.Veit/Glan, Blumenhalle"]
[Date "2020.01.12"]
[Round "6"]
[Board "2"]
[White "Hercog, Nusa"]
[Black "Motycakova, Monika"]
[Result "0-1"]
[WhiteElo "2042"]
[BlackElo "2126"]
[PlyCount "130"]
[EventDate "2019.10.11"]
[EventType "team"]
[EventRounds "9"]
[EventCountry "AUT"]
[WhiteTeam "SV Kaerntner Stub'n Rapid Feffernitz"]
[BlackTeam "SK Dornbirn"]

1. d4 d5 2. c4 c6 3. Nf3 Nf6 4. Nc3 e6 5. Qb3 dxc4 6. Qxc4 b5 7. Qd3 Nbd7 8.
Bg5 Bb7 9. e4 h6 10. Bxf6 Nxf6 11. e5 Nd5 12. Nxd5 Qxd5 13. a3 a6 14. Rc1 Be7
15. Be2 O-O 16. O-O Rfc8 17. Nd2 c5 18. Bf3 Qd7 19. Bxb7 Qxb7 20. dxc5 Rxc5 21.
Rxc5 Bxc5 22. Ne4 Be7 23. Nd6 Rd8 24. Rd1 Qb6 25. b4 Rd7 26. Qg3 Qd8 27. h3 Bf8
28. Qd3 Qg5 29. Qc3 Rd8 30. Qc7 Qe7 31. Qb6 f6 32. f4 fxe5 33. fxe5 Qg5 34. Qd4
Qg3 35. Rd3 Qe1+ 36. Kh2 Be7 37. Rd1 Qe2 38. Rd2 Qe1 39. Rd1 Qh4 40. Qc5 Qf4+
41. g3 Qf3 42. Rd2 Qxa3 43. Rf2 Bxd6 44. exd6 Qd3 45. Qa7 Qxd6 46. Qf7+ Kh7 47.
h4 Rd7 48. Qe8 Rd8 49. Qf7 Qxb4 50. Qxe6 Qd6 51. Qf5+ Qg6 52. Qe5 Re8 53. Qc5
Qd3 54. Qh5 Re3 55. Qg4 Qe4 56. Qh5 Re1 57. Rg2 Qb1 58. Rf2 Rh1+ 59. Kg2 Qg1+
60. Kf3 Qd1+ 61. Re2 Rf1+ 62. Ke3 Qb3+ 63. Ke4 Qc4+ 64. Ke3 Qc3+ 65. Ke4 Qxg3
 0-1

[Event "1.Bundesliga Frauen 2019/20"]
[Site "St.Veit/Glan, Blumenhalle"]
[Date "2020.01.12"]
[Round "6"]
[Board "3"]
[White "Kurapova, Olga"]
[Black "Sommer, Milena"]
[Result "1-0"]
[WhiteElo "1935"]
[BlackElo "1609"]
[PlyCount "55"]
[EventDate "2019.10.11"]
[EventType "team"]
[EventRounds "9"]
[EventCountry "AUT"]
[WhiteTeam "SK Dornbirn"]
[BlackTeam "SV Kaerntner Stub'n Rapid Feffernitz"]

1. d4 d5 2. c4 e6 3. cxd5 exd5 4. Bf4 Bb4+ 5. Nc3 Nc6 6. e3 Nf6 7. Qc2 O-O 8.
Bd3 Be6 9. a3 Bd6 10. Bg3 Bxg3 11. hxg3 h6 12. Nge2 Qd7 13. Nf4 Rfe8 14. f3 Ne7
15. g4 c6 16. O-O-O Rac8 17. Qf2 Qd6 18. Qh4 Kf8 19. g5 hxg5 20. Qxg5 Neg8 21.
Rh8 Bd7 22. Bh7 Nxh7 23. Rxh7 Qf6 24. Qg3 g6 25. e4 dxe4 26. Nxe4 Qf5 27. Nd6
Qf6 28. Rxf7+  1-0

[Event "1.Bundesliga Frauen 2019/20"]
[Site "St.Veit/Glan, Blumenhalle"]
[Date "2020.01.12"]
[Round "6"]
[Board "4"]
[White "Zeber, Katja"]
[Black "Stepanyan, Viktorya"]
[Result "1-0"]
[WhiteElo "1618"]
[BlackElo "1296"]
[PlyCount "51"]
[EventDate "2019.10.11"]
[EventType "team"]
[EventRounds "9"]
[EventCountry "AUT"]
[WhiteTeam "SV Kaerntner Stub'n Rapid Feffernitz"]
[BlackTeam "SK Dornbirn"]

1. e4 e5 2. Nf3 Nc6 3. Bc4 Nf6 4. d3 h6 5. O-O Bc5 6. Be3 Bxe3 7. fxe3 d6 8.
Nbd2 O-O 9. a3 Ng4 10. Qe1 Qe7 11. h3 Nf6 12. Nh4 Be6 13. Nf5 Qd7 14. Nxh6+ Kh7
15. Qh4 Ng8 16. Nxf7+ Nh6 17. Ng5+ Kh8 18. Nxe6 Rf7 19. Rxf7 Qxf7 20. Rf1 Qd7
21. Nf3 Nd8 22. Nfg5 Nxe6 23. Bxe6 Qe7 24. Rf7 Qd8 25. Qxh6+ gxh6 26. Rh7#  1-0

[Event "1.Bundesliga Frauen 2019/20"]
[Site "St.Veit/Glan, Blumenhalle"]
[Date "2020.01.12"]
[Round "6"]
[Board "1"]
[White "Schnegg, Anna-Lena"]
[Black "Brunello, Marina"]
[Result "1-0"]
[WhiteElo "2223"]
[BlackElo "2368"]
[PlyCount "95"]
[EventDate "2019.10.11"]
[EventType "team"]
[EventRounds "9"]
[EventCountry "AUT"]
[WhiteTeam "Mayrhofen/SK Zell/Zillertal"]
[BlackTeam "Schach ohne Grenzen"]

1. e4 c5 2. b3 Nc6 3. Bb2 d5 4. exd5 Qxd5 5. Nc3 Qd8 6. h3 Nf6 7. Nf3 a6 8. a4
e6 9. Bc4 b6 10. O-O Bb7 11. Re1 Be7 12. Ne2 Na5 13. Nf4 Nxc4 14. bxc4 a5 15.
d3 Qc7 16. Ne5 Bd6 17. Nh5 O-O-O 18. Bc3 Rhg8 19. Rb1 Bxe5 20. Rxe5 Qc6 21. f3
Nd7 22. Re3 Qxa4 23. Bxg7 Qc6 24. d4 Qd6 25. Rd3 Qe7 26. d5 e5 27. f4 e4 28.
Rdb3 f5 29. Bf6 Nxf6 30. Rxb6 Rd6 31. Nxf6 Rxf6 32. Rxb7 Qxb7 33. Rxb7 Kxb7 34.
Qb1+ Rb6 35. Qa1 Rbg6 36. g4 fxg4 37. h4 g3 38. Kg2 Ra8 39. f5 Rg4 40. Qb2+ Kc7
41. Qe5+ Kb7 42. Qe7+ Kb6 43. Qd6+ Kb7 44. Qc6+ Kb8 45. Qb6+ Kc8 46. d6 Rg7 47.
Qc6+ Kb8 48. d7  1-0

[Event "1.Bundesliga Frauen 2019/20"]
[Site "St.Veit/Glan, Blumenhalle"]
[Date "2020.01.12"]
[Round "6"]
[Board "2"]
[White "Gueci, Tea"]
[Black "Koepke, Elena"]
[Result "1-0"]
[WhiteElo "2228"]
[BlackElo "2277"]
[PlyCount "131"]
[EventDate "2019.10.11"]
[EventType "team"]
[EventRounds "9"]
[EventCountry "AUT"]
[WhiteTeam "Schach ohne Grenzen"]
[BlackTeam "Mayrhofen/SK Zell/Zillertal"]

1. e4 e5 2. Nf3 Nc6 3. Bb5 a6 4. Ba4 Nf6 5. O-O d6 6. d3 g6 7. c4 Bg7 8. Nc3
O-O 9. h3 h6 10. Be3 Nd7 11. Qd2 Nd4 12. Nh2 Kh7 13. f4 Nc5 14. Bd1 f5 15. Nf3
Nxf3+ 16. Bxf3 Ne6 17. Ne2 exf4 18. Nxf4 Nxf4 19. Bxf4 fxe4 20. Bxe4 Bf5 21.
Rae1 Bxe4 22. dxe4 Qe8 23. b3 b5 24. Qd5 Rd8 25. cxb5 axb5 26. Rc1 Qd7 27. Bg3
c5 28. Rxf8 Rxf8 29. Bxd6 Bd4+ 30. Kh1 Rd8 31. Bxc5 Qe8 32. Qb7+ Rd7 33. Qxb5
Be3 34. Rf1 Bxc5 35. Qxc5 Qxe4 36. Qc4 Qe7 37. a4 Rc7 38. Qf4 Rb7 39. Rf3 Kg7
40. Re3 Qd7 41. h4 h5 42. Qg5 Qd1+ 43. Kh2 Qd6+ 44. Qg3 Qf6 45. Re4 Qf7 46. b4
Qd5 47. Re8 Kh7 48. Qb3 Qd6+ 49. g3 Rg7 50. b5 g5 51. Qc2+ Rg6 52. Qe2 gxh4 53.
Qe7+ Qxe7 54. Rxe7+ Kh6 55. gxh4 Rg4 56. Re6+ Kg7 57. Ra6 Rxh4+ 58. Kg3 Rb4 59.
b6 Kf6 60. b7+ Ke5 61. Ra7 h4+ 62. Kh3 Kf4 63. Kxh4 Rb1 64. Kh5 Ke4 65. a5 Kf5
66. Kh6  1-0

[Event "1.Bundesliga Frauen 2019/20"]
[Site "St.Veit/Glan, Blumenhalle"]
[Date "2020.01.12"]
[Round "6"]
[Board "3"]
[White "Mayrhuber, Nikola"]
[Black "Stangl, Anita"]
[Result "1-0"]
[WhiteElo "2024"]
[BlackElo "2005"]
[PlyCount "49"]
[EventDate "2019.10.11"]
[EventType "team"]
[EventRounds "9"]
[EventCountry "AUT"]
[WhiteTeam "Mayrhofen/SK Zell/Zillertal"]
[BlackTeam "Schach ohne Grenzen"]

1. d4 e6 2. Bf4 d5 3. e3 c6 4. c4 Nf6 5. Nc3 Be7 6. h3 Nbd7 7. Nf3 dxc4 8. Bxc4
Nb6 9. Bd3 Nbd5 10. Bh2 Qa5 11. Qd2 Nxc3 12. bxc3 Nd5 13. Rc1 Nxc3 14. O-O Bb4
15. Rxc3 Bxc3 16. Qc2 h6 17. Ne5 O-O 18. Nc4 Qg5 19. Bf4 Qh4 20. Qxc3 g5 21.
Bd6 Re8 22. Bg3 Qh5 23. Ne5 Re7 24. Qc5 Re8 25. Ng4  1-0

[Event "1.Bundesliga Frauen 2019/20"]
[Site "St.Veit/Glan, Blumenhalle"]
[Date "2020.01.12"]
[Round "6"]
[Board "4"]
[White "Anker, Christin"]
[Black "Konecny, Sophie"]
[Result "1-0"]
[WhiteElo "1843"]
[BlackElo "1912"]
[PlyCount "57"]
[EventDate "2019.10.11"]
[EventType "team"]
[EventRounds "9"]
[EventCountry "AUT"]
[WhiteTeam "Schach ohne Grenzen"]
[BlackTeam "Mayrhofen/SK Zell/Zillertal"]

1. e4 e6 2. d4 d5 3. Nc3 Nf6 4. e5 Nfd7 5. Nf3 a6 6. a3 c5 7. dxc5 Bxc5 8. Bd3
Nc6 9. Bf4 Qc7 10. O-O Nd4 11. Re1 b5 12. Bg3 Bb7 13. Ng5 Nf8 14. Qh5 Ng6 15.
Nxh7 O-O-O 16. Bxg6 fxg6 17. Qxg6 Qe7 18. b4 Bb6 19. a4 Bc6 20. axb5 axb5 21.
Ra6 Kb7 22. Rea1 Nf5 23. Ng5 Nxg3 24. hxg3 Rdf8 25. Nh3 Rf5 26. Qg4 Rxe5 27.
Rxb6+ Kxb6 28. Qd4+ Kb7 29. Qa7+  1-0

[Event "1.Bundesliga Frauen 2019/20"]
[Site "St.Veit/Glan, Blumenhalle"]
[Date "2020.01.12"]
[Round "6"]
[Board "1"]
[White "Richterova, Natasa"]
[Black "Theissl-Pokorna, Regina"]
[Result "1/2-1/2"]
[WhiteElo "2216"]
[BlackElo "2296"]
[PlyCount "82"]
[EventDate "2019.10.11"]
[EventType "team"]
[EventRounds "9"]
[EventCountry "AUT"]
[WhiteTeam "SpG Steyr"]
[BlackTeam "ASVOE Pamhagen 1"]

1. e4 c5 2. Nf3 e6 3. b3 a6 4. Bb2 d5 5. exd5 exd5 6. d4 Nc6 7. Be2 Nf6 8. O-O
Be7 9. dxc5 O-O 10. c4 Bxc5 11. cxd5 Nxd5 12. Qc1 Be7 13. Rd1 Bf6 14. Bc4 Bxb2
15. Qxb2 Qf6 16. Qxf6 Nxf6 17. Nc3 h6 18. Nd5 Nxd5 19. Bxd5 Nb4 20. Be4 Re8 21.
Rd4 a5 22. a3 Nc6 23. Rc4 Be6 24. Rc3 Ra6 25. h3 Rb6 26. Bxc6 bxc6 27. Nd4 Bd5
28. Rac1 Rd8 29. Nxc6 Bxc6 30. Rxc6 Rxb3 31. R1c3 Rdb8 32. R3c5 Rxa3 33. Ra6 a4
34. Rc4 Ra2 35. Rf4 a3 36. Rf3 Ra1+ 37. Kh2 a2 38. Ra7 Rb7 39. Rxb7 Rb1 40. Ra7
a1=Q 41. Rxa1 Rxa1  1/2-1/2

[Event "1.Bundesliga Frauen 2019/20"]
[Site "St.Veit/Glan, Blumenhalle"]
[Date "2020.01.12"]
[Round "6"]
[Board "2"]
[White "Worek, Joanna"]
[Black "Batyte, Daiva"]
[Result "1-0"]
[WhiteElo "2326"]
[BlackElo "2138"]
[PlyCount "125"]
[EventDate "2019.10.11"]
[EventType "team"]
[EventRounds "9"]
[EventCountry "AUT"]
[WhiteTeam "ASVOE Pamhagen 1"]
[BlackTeam "SpG Steyr"]

1. e4 e6 2. d4 c5 3. d5 exd5 4. exd5 d6 5. Nf3 Nf6 6. Be2 Be7 7. Nc3 a6 8. a4
b6 9. O-O Bb7 10. Qd3 O-O 11. h3 b5 12. axb5 axb5 13. Rxa8 Bxa8 14. Nxb5 Bxd5
15. Rd1 Be4 16. Qb3 d5 17. Nc3 Bxf3 18. Bxf3 d4 19. Nb5 Qc8 20. Bf4 Rd8 21. Be2
Nc6 22. Bc4 Rf8 23. Ra1 Ne8 24. Qf3 Bf6 25. Qe4 Qd7 26. Ra6 Nb4 27. Ra8 Qc6 28.
Qxc6 Nxc6 29. Rc8 Nb4 30. Na3 g5 31. Bc1 Nd6 32. Rxc5 Nxc4 33. Rxc4 Rb8 34. Bd2
Na2 35. Rc6 Kg7 36. Nc4 Nb4 37. Bxb4 Rxb4 38. g3 Rb7 39. Kf1 h5 40. Ke1 Be7 41.
Rb6 Ra7 42. Ke2 h4 43. gxh4 gxh4 44. Ne5 Ra1 45. Nf3 Bf6 46. Ne1 Rb1 47. b3 Rc1
48. Ra6 Rb1 49. Ra4 Rc1 50. Rc4 Rb1 51. b4 Kf8 52. Nf3 Be7 53. Rxd4 Bxb4 54.
Rd8+ Ke7 55. Rb8 Kd7 56. Rb7+ Ke6 57. Nd2 Rb2 58. Rb6+ Kd5 59. Kd3 Ba3 60. Rf6
Rb7 61. Ne4 Ke5 62. f4+ Kd5 63. c4#  1-0

[Event "1.Bundesliga Frauen 2019/20"]
[Site "St.Veit/Glan, Blumenhalle"]
[Date "2020.01.12"]
[Round "6"]
[Board "3"]
[White "Saler-Grafenberger, Elisabeth"]
[Black "Borek, Jutta"]
[Result "1/2-1/2"]
[WhiteElo "1855"]
[BlackElo "2038"]
[PlyCount "60"]
[EventDate "2019.10.11"]
[EventType "team"]
[EventRounds "9"]
[EventCountry "AUT"]
[WhiteTeam "SpG Steyr"]
[BlackTeam "ASVOE Pamhagen 1"]

1. g3 c5 2. Bg2 Nc6 3. c4 g6 4. Nc3 Bg7 5. h4 h6 6. d3 d6 7. e4 e5 8. Nge2 Nge7
9. O-O O-O 10. Kh2 Rb8 11. a3 a6 12. Rb1 Bg4 13. f3 Be6 14. Be3 b5 15. cxb5
axb5 16. b4 cxb4 17. axb4 f5 18. exf5 Nxf5 19. Bf2 Ncd4 20. Nxd4 exd4 21. Ne2
Qf6 22. Qd2 h5 23. f4 Rfe8 24. Be4 Ne3 25. Bxe3 dxe3 26. Qxe3 Ba2 27. Ra1 Bf7
28. Qd2 Qe7 29. Rfc1 Rbc8 30. Rxc8 Rxc8  1/2-1/2

[Event "1.Bundesliga Frauen 2019/20"]
[Site "St.Veit/Glan, Blumenhalle"]
[Date "2020.01.12"]
[Round "6"]
[Board "4"]
[White "Horvath, Maria"]
[Black "Krassnitzer, Julia"]
[Result "0-1"]
[WhiteElo "1993"]
[BlackElo "1803"]
[PlyCount "100"]
[EventDate "2019.10.11"]
[EventType "team"]
[EventRounds "9"]
[EventCountry "AUT"]
[WhiteTeam "ASVOE Pamhagen 1"]
[BlackTeam "SpG Steyr"]

1. d4 Nf6 2. Nf3 g6 3. c4 d6 4. Nc3 Bg7 5. e4 O-O 6. Be2 Nbd7 7. O-O e5 8. d5
h6 9. Ne1 Nc5 10. f3 Nh7 11. b4 Na6 12. Nd3 f5 13. Be3 f4 14. Bf2 h5 15. c5 h4
16. h3 Qg5 17. Kh2 Nf6 18. cxd6 cxd6 19. Nb5 Rd8 20. Rc1 Nh5 21. Rc2 Bf8 22.
Qd2 Bd7 23. a4 Be7 24. Rfc1 Rf8 25. Nb2 Bd8 26. Nc4 Ng3 27. Bd3 Qe7 28. Nbxd6
Bxa4 29. b5 Bxc2 30. Rxc2 Nc7 31. Qb4 Ne8 32. Rb2 Nxd6 33. Qxd6 Qxd6 34. Nxd6
Be7 35. Nxb7 Rfc8 36. Na5 Rc1 37. Rb1 Rxb1 38. Bxb1 Rc8 39. Nc6 Rc7 40. Bd3 Bd6
41. Bxa7 g5 42. Kg1 Nh5 43. Kf1 Nf6 44. Bb8 Rxc6 45. dxc6 Bxb8 46. b6 Ne8 47.
Bc4+ Kf8 48. Be6 Ke7 49. Bd7 Nd6 50. Bg4 Ne8  0-1

[Event "1.Bundesliga Frauen 2019/20"]
[Site "St.Veit/Glan, Blumenhalle"]
[Date "2020.01.12"]
[Round "6"]
[Board "1"]
[White "Ragger, Anna-Christina"]
[Black "Unuk, Laura"]
[Result "0-1"]
[WhiteElo "2203"]
[BlackElo "2379"]
[PlyCount "58"]
[EventDate "2019.10.11"]
[EventType "team"]
[EventRounds "9"]
[EventCountry "AUT"]
[WhiteTeam "SV Grafik-Druck Knapp St.Veit/Glan"]
[BlackTeam "SK Advisory Invest Baden"]

1. e4 e5 2. Nf3 Nc6 3. Nc3 Nf6 4. d4 exd4 5. Nxd4 Bb4 6. Nxc6 bxc6 7. Bd3 O-O
8. O-O Re8 9. Qf3 Rb8 10. h3 Bd6 11. Rb1 Be5 12. Bf4 Qe7 13. Qe3 Bxf4 14. Qxf4
d6 15. b3 Bb7 16. Rbd1 Nh5 17. Qf5 g6 18. Qf3 Qe5 19. Bc4 Nf4 20. Bxf7+ Kxf7
21. g3 Qxc3 22. Qxf4+ Kg7 23. Qg4 Bc8 24. Qe2 Bxh3 25. Rfe1 Qf6 26. g4 Qf4 27.
f3 Rf8 28. Rd3 Qg3+ 29. Kh1 Bg2+  0-1

[Event "1.Bundesliga Frauen 2019/20"]
[Site "St.Veit/Glan, Blumenhalle"]
[Date "2020.01.12"]
[Round "6"]
[Board "2"]
[White "Trippold, Denise"]
[Black "Polterauer, Chiara"]
[Result "1/2-1/2"]
[WhiteElo "2158"]
[BlackElo "2178"]
[PlyCount "73"]
[EventDate "2019.10.11"]
[EventType "team"]
[EventRounds "9"]
[EventCountry "AUT"]
[WhiteTeam "SK Advisory Invest Baden"]
[BlackTeam "SV Grafik-Druck Knapp St.Veit/Glan"]

1. c4 e6 2. g3 Nf6 3. Bg2 d5 4. Nf3 Bd6 5. d4 b6 6. O-O O-O 7. Nc3 Bb7 8. e4
Nxe4 9. Nxe4 dxe4 10. Ng5 Be7 11. Nxe4 Qc8 12. Qc2 Na6 13. Rd1 Rd8 14. a3 c5
15. d5 exd5 16. cxd5 Bf8 17. Ng5 g6 18. Qc4 h6 19. Bh3 Qc7 20. Ne4 Kh8 21. Bd2
Bg7 22. Bc3 f5 23. Bxg7+ Qxg7 24. Nc3 Nc7 25. Bg2 Rd6 26. Re1 Rad8 27. Rad1 Qf7
28. Qf4 Kh7 29. Re5 R8d7 30. h4 h5 31. Kh2 Nxd5 32. Nxd5 Bxd5 33. Bxd5 Rxd5 34.
Rdxd5 Rxd5 35. Rxd5 Qxd5 36. Qc7+ Kh6 37. Qf4+  1/2-1/2

[Event "1.Bundesliga Frauen 2019/20"]
[Site "St.Veit/Glan, Blumenhalle"]
[Date "2020.01.12"]
[Round "6"]
[Board "3"]
[White "Hiebler, Laura"]
[Black "Vidic, Teja"]
[Result "0-1"]
[WhiteElo "2011"]
[BlackElo "2242"]
[PlyCount "102"]
[EventDate "2019.10.11"]
[EventType "team"]
[EventRounds "9"]
[EventCountry "AUT"]
[WhiteTeam "SV Grafik-Druck Knapp St.Veit/Glan"]
[BlackTeam "SK Advisory Invest Baden"]

1. c4 e5 2. Nc3 Nf6 3. g3 c6 4. Bg2 d5 5. cxd5 cxd5 6. d4 exd4 7. Qxd4 Nc6 8.
Qa4 d4 9. Ne4 Nxe4 10. Bxe4 Bb4+ 11. Kf1 Qb6 12. Kg2 O-O 13. Nf3 Re8 14. Qc2 h6
15. Bf4 Be6 16. Rhd1 Red8 17. a3 Be7 18. Qd2 Bf6 19. b4 Rd7 20. Rdc1 Rad8 21.
Rab1 Bd5 22. Bxd5 Rxd5 23. b5 Ne5 24. Nxe5 Bxe5 25. Bxe5 Rxe5 26. a4 Qe6 27.
Re1 Rh5 28. Rh1 Qe4+ 29. f3 Qe6 30. Rb4 Re8 31. Qxd4 Qxe2+ 32. Qf2 Qe6 33. Rd1
Re5 34. Rd2 a6 35. bxa6 Qxa6 36. Rb6 Qc4 37. Rbb2 g5 38. Rdc2 Qd3 39. Rd2 Qc4
40. Rdc2 Qd3 41. Rd2 Qa6 42. Rb6 Qxa4 43. Rxb7 g4 44. Rbd7 Qa8 45. R7d3 h5 46.
h3 Qc6 47. Rd8 Rxd8 48. Rxd8+ Kg7 49. Rd4 gxf3+ 50. Kg1 Qc1+ 51. Kh2 Re2  0-1

[Event "1.Bundesliga Frauen 2019/20"]
[Site "St.Veit/Glan, Blumenhalle"]
[Date "2020.01.12"]
[Round "6"]
[Board "4"]
[White "Mar, Karmen"]
[Black "Kejzar, Petra"]
[Result "0-1"]
[WhiteElo "2084"]
[BlackElo "2057"]
[PlyCount "100"]
[EventDate "2019.10.11"]
[EventType "team"]
[EventRounds "9"]
[EventCountry "AUT"]
[WhiteTeam "SK Advisory Invest Baden"]
[BlackTeam "SV Grafik-Druck Knapp St.Veit/Glan"]

1. e4 c5 2. Nf3 a6 3. c3 Nf6 4. Bd3 Nc6 5. O-O e5 6. Re1 Be7 7. Bc2 d6 8. h3
O-O 9. d4 b5 10. Nbd2 Qc7 11. d5 Nb8 12. Nf1 Nbd7 13. Ng3 g6 14. Bh6 Re8 15.
Nh2 c4 16. Qf3 Bf8 17. Bxf8 Rxf8 18. Ng4 Nxg4 19. Qxg4 Nc5 20. Qg5 Qd8 21. Qh6
f6 22. Re3 Qe7 23. Rf3 a5 24. a3 Rb8 25. Qd2 Bd7 26. Nf1 Kh8 27. Ne3 Rfc8 28.
Kh2 Rc7 29. Rh1 Rf8 30. Kg1 Qg7 31. Ng4 f5 32. exf5 Bxf5 33. Ne3 Bxc2 34. Rxf8+
Qxf8 35. Qxc2 Qf4 36. h4 Rf7 37. Rh3 e4 38. Qe2 Nd3 39. Nd1 Qc1 40. Kh2 Nf4 41.
Qxe4 Nxh3 42. Qd4+ Kg8 43. Kxh3 Rf4 44. Qe3 Qxe3+ 45. Nxe3 Rxf2 46. Ng4 Rxb2
47. Nf6+ Kf7 48. Nxh7 b4 49. Ng5+ Ke7 50. cxb4 c3  0-1